| 000 | 00559nam a22001817a 4500 | ||
|---|---|---|---|
| 005 | 20250730152707.0 | ||
| 008 | 250730b |||||||| |||| 00| 0 eng d | ||
| 082 |
_a612.311 _bFUL-C |
||
| 100 | _aFuller, James L. | ||
| 245 |
_aConcise Dental Anatomy and Morphology / _cby James L. Fuller, Gerald E. Denehy, and Thomas M. Schulein |
||
| 250 | _a6th ed. | ||
| 260 |
_aIndia : _bArya Publications ; _cc2025. |
||
| 300 |
_a217 p. : _bill ; _c25 cm. |
||
| 500 | _aInclude Index. | ||
| 650 | _aMedical / Dentistry | ||
| 700 | _aGerald E. Denehy | ||
| 999 |
_c36997 _d36997 |
||